| 000 | 00828cab a2200277 4500 | ||
|---|---|---|---|
| 001 | ABS45994 | ||
| 008 | 090401t1992 xxu||||| |||| 00| 0 eng d | ||
| 035 | _a(Sirsi) u56237 | ||
| 041 | _aeng | ||
| 100 | _aJohnson, T. | ||
| 245 | _aThought-provoking report on valuation methods | ||
| 260 | _c1992 | ||
| 350 | _a0 | ||
| 490 |
_aCS Monthly : General Practice _v1(5) February 1992, 3(1) |
||
| 520 | _aA brief review of a new research report "The cost approach to valuation" commissioned by the RICS. | ||
| 650 | _aCONTRACTORS BASIS | ||
| 650 | _aCONTRACTORS PRINCIPLE | ||
| 650 | _aCONTRACTORS TEST | ||
| 650 | _aDEPRECIATED REPLACEMENT COST | ||
| 650 | _aDEPRECIATION | ||
| 650 | _aKINGSTON POLYTECHNIC | ||
| 650 | _aVALUATION METHODS | ||
| 690 | _aRATING AND VALUATION | ||
| 942 | _n0 | ||
| 948 | _c04/03/1997 | ||
| 999 |
_c34295 _d34295 |
||